Fundamentos de las técnicas de evaluación musculoesquelética
Na minha lista:
| Main Authors: | , |
|---|---|
| Formato: | Livro |
| Idioma: | espanhol |
| Publicado em: |
Barcelona
Paidotribo
2002
|
| Assuntos: | |
| Tags: |
Adicionar Tag
Sem tags, seja o primeiro a adicionar uma tag!
|
MARC
| LEADER | 00000nam a2200000 a 4500 | ||
|---|---|---|---|
| 001 | UCL6431 | ||
| 003 | CL-VaPUC | ||
| 005 | 20240125154312.0 | ||
| 008 | 040402e20020000SP |||||||||||||||||spa|d | ||
| 999 | |c 308539 |d 308537 | ||
| 020 | |a 8480196572 | ||
| 040 | |c Pontificia Universidad Católica de Valparaíso | ||
| 082 | 0 | 4 | |a 615.82 |b PAL |2 21 |
| 100 | |a Palmer, M. Lynn |e autor |9 484133 | ||
| 245 | 1 | 0 | |a Fundamentos de las técnicas de evaluación musculoesquelética |
| 260 | |a Barcelona |b Paidotribo |c 2002 | ||
| 300 | |a 463 p | ||
| 583 | |a last modification |c 20040402 00:00:00 |k Rodrigo Vera | ||
| 650 | 0 | |a Aparato locomotor (musculoesqueleto) |x Goniometría |9 474697 | |
| 650 | 0 | |a Aparatos ortopédicos |9 885850 |x Goniómetro | |
| 650 | 0 | |a Enfermedades neuromusculares |9 342045 | |
| 650 | 0 | |a Trastornos motores |9 539034 | |
| 650 | 0 | |a Entrevistas clínicas |9 885851 | |
| 700 | 0 | |a Epler, Marcia E |e author |9 484134 | |
| 942 | |c BK |2 ddc | ||
| 945 | |d 20040402 00:00:00 |a cmena | ||
| 952 | |0 0 |1 0 |4 0 |6 615_820000000000000_PAL_2002 |7 0 |8 A |9 375140 |a BIBCUR |b BIBCUR |d 2019-11-21 |i 4003314 |o 615.82 PAL 2002 |p 4003314 |r 2025-04-22 |w 2019-11-21 |y BK |k KIN | ||
| 952 | |0 0 |1 0 |4 0 |6 615_820000000000000_PAL_2002 |7 0 |8 A |9 375141 |a BIBCUR |b BIBCUR |d 2019-11-21 |i 1088122 |o 615.82 PAL 2002 |p 1088122 |r 2025-04-22 |w 2019-11-21 |y BK |k KIN | ||
| 952 | |0 0 |1 0 |4 0 |6 615_820000000000000_PAL_2002 |7 0 |8 A |9 375142 |a BIBCUR |b BIBCUR |d 2019-11-21 |i 1088130 |o 615.82 PAL 2002 |p 1088130 |r 2025-04-22 |w 2019-11-21 |y BK |k KIN | ||
| 952 | |0 0 |1 0 |4 0 |6 615_820000000000000_PAL_2002 |7 0 |8 A |9 375143 |a BIBCUR |b BIBCUR |d 2019-11-21 |i 1088149 |o 615.82 PAL 2002 |p 1088149 |r 2025-04-22 |w 2019-11-21 |y BK |k KIN | ||
| 952 | |0 0 |1 0 |4 0 |6 615_820000000000000_PAL_2002 |7 0 |8 A |9 375144 |a BIBCUR |b BIBCUR |d 2019-11-21 |i 4696751 |o 615.82 PAL 2002 |p 4696751 |r 2025-04-22 |w 2019-11-21 |y BK |k KIN | ||
| 952 | |0 0 |1 0 |4 0 |6 615_820000000000000_PAL_2002 |7 0 |8 A |9 375145 |a BIBCUR |b BIBCUR |d 2019-11-21 |i 469676K |l 1 |o 615.82 PAL 2002 |p 469676K |r 2025-04-22 |s 2023-10-25 |w 2019-11-21 |y BK |k KIN | ||
| 952 | |0 0 |1 0 |4 0 |6 615_820000000000000_PAL_2002 |7 0 |8 A |9 375146 |a BIBCUR |b BIBCUR |d 2019-11-21 |i 4696778 |o 615.82 PAL 2002 |p 4696778 |r 2025-04-22 |w 2019-11-21 |y BK |k KIN | ||